| 000 | 00835cam a2200265 a 4500 | ||
|---|---|---|---|
| 005 | 20260322212022.0 | ||
| 008 | data | ||
| 010 | _a 87045704 | ||
| 020 |
_a0062503944 : _c$14.95 |
||
| 020 |
_a9780062503947 : _c$14.95 |
||
| 040 |
_aDLC _cDLC _dDLC |
||
| 043 | _an-ust-- | ||
| 050 | 0 | 0 |
_aE78.S7 _bH24 1988 |
| 082 | 0 | 0 |
_a615.8/51 _219 |
| 100 | 1 | _aHammerschlag, Carl A. | |
| 245 | 1 | 4 |
_aThe dancing healers : _ba doctor's journey of healing with Native Americans / _cCarl A. Hammerschlag. |
| 250 | _a1st ed. | ||
| 260 |
_aSan Francisco : _bHarper & Row, _cc1988. |
||
| 300 |
_a170 p. ; _c22 cm. |
||
| 600 | 1 | 0 | _aHammerschlag, Carl A. |
| 610 | 1 | 0 |
_aUnited States. _bIndian Health Service. |
| 650 | 0 |
_aIndians of North America _xMedicine _zSouthwest, New. |
|
| 650 | 0 |
_aIndians of North America _xMedical care _zSouthwest, New. |
|
| 001 | data | ||
| 999 |
_c489 _d489 |
||